Normal view
MARC view
- SUPERVISOR DR MUSHTAQ KHAN, CO-SUPERVISOR DR NAWAR KHAN
Entry Personal Name
001 - CONTROL NUMBER
- control field: 69985
003 - CONTROL NUMBER IDENTIFIER
- control field: NUST
005 - DATE AND TIME OF LATEST TRANSACTION
- control field: 20210628204337.0
008 - FIXED-LENGTH DATA ELEMENTS
- fixed length control field: 210628|| aca||aabn | a|a d
040 ## - CATALOGING SOURCE
- Original cataloging agency: NUST
- Transcribing agency: NUST
100 ## - HEADING--PERSONAL NAME
- Personal name: SUPERVISOR DR MUSHTAQ KHAN, CO-SUPERVISOR DR NAWAR KHAN
670 ## - SOURCE DATA FOUND
- Source citation: Work cat.: (NUST): ALAM ZEB 69983, TH-SOF-1371-Development of an Operational Framework for Cellular Manufacturing System Using Hybrid Genetic Algorithm, 2017
